[Event "Nis op"]
[Site "Nis"]
[Date "2016.07.04"]
[Round "7"]
[White "Djordjevic, Vuk D"]
[Black "Atalik, Suat"]
[Result "1/2-1/2"]
[WhiteElo "2415"]
[BlackElo "2572"]
[Annotator "Atalik,S"]
[PlyCount "65"]
[EventDate "2016.06.28"]
[EventType "swiss"]
[EventRounds "9"]
[EventCountry "YUG"]
[SourceTitle "CBM 174"]
[Source "ChessBase"]
[SourceDate "2016.09.13"]
[SourceVersion "1"]
[SourceVersionDate "2016.09.13"]
[SourceQuality "1"]

1. d4 d5 2. Nf3 Nf6 3. c4 e6 4. Nc3 Bb4 5. Bg5 Nbd7 {This time I chose the
Westphalia Variation.} 6. e3 c5 7. cxd5 exd5 8. Bd3 Qa5 9. Qc2 c4 10. Bf5 O-O
11. O-O Re8 12. Nd2 g6 13. Bh3 $5 {Exchanging the minor pieces is far more
popular.} (13. Bxd7 Nxd7 14. h4 Nb6 15. f3 Bd7 16. e4 Ba4 17. Qc1 Bc6 $132)
13... Kg7 14. a3 (14. Bh4 Nb6 15. Bxf6+ Kxf6 16. Bxc8 Raxc8 17. e4 dxe4 18.
Ndxe4+ Kg7 $13) 14... Bxc3 15. bxc3 (15. Qxc3 Qxc3 16. bxc3 h6 17. Bxf6+ Nxf6
18. Bxc8 Raxc8 $36) 15... Ne4 (15... Nb6 $6 16. Bxf6+ Kxf6 17. Bxc8 Raxc8 18.
e4 $16) (15... h6 $6 16. Bh4 g5 17. Bxd7 Bxd7 18. Bg3 Ba4 19. Qc1 Nh5 20. e4
dxe4 21. Nxc4 Qd5 22. Ne3 Qd7 23. c4 $40) 16. Nxe4 dxe4 17. Bf4 (17. Bxd7 Bxd7
18. Bf4 Qd5 $1 $15) 17... Nb6 18. Bxc8 Raxc8 19. f3 (19. Rfb1 $142 Qa6 20. Qb2
Re7 $132) 19... Nd5 20. fxe4 Qxc3 21. Be5+ $2 {A very bad move.} ({The problem
with what I have played is that the line is drawish.} 21. Qf2 $1 Rxe4 (21...
Nxf4 22. Qxf4 f5 23. e5 $14) 22. Be5+ f6 23. Bxf6+ Nxf6 24. Qxf6+ Kg8 $11 (
24... Kh6 25. Kh1 $1 $18)) (21. Qxc3 $2 Nxc3 22. Be5+ Kg8 $17) 21... Rxe5 22.
Qxc3 Nxc3 23. dxe5 b5 (23... Rc5 24. a4) 24. Rf2 a5 $6 {This is not the
simplest.} (24... Nxe4 $142 $5 25. Rf4 Nc5 26. Rb1 a6 $17) (24... Rc5 25. Raf1)
25. Rc2 (25. Raf1 Rc7 26. Rb2 Rb7 27. Rc1 Na4 28. Rbb1 c3 29. Ra1 Rc7 30. Kf1
Rc4 31. Rcb1 Nb2 32. Ke2 Kf8 $17) 25... Nxe4 (25... b4 $2 26. axb4 axb4 27. Ra7
Nb5 28. Rb7 b3 29. Rf2) 26. Rd1 b4 $4 {I have badly erred which brought the
game to the verge of a catastrophe.} ({There was no need to reject a rook
ending with a pawn up.} 26... c3 $1 27. Rd4 Nd2 28. Rdxd2 (28. Kf2 $2 Nb1)
28... cxd2 29. Rxd2 Rc5 (29... Rc3 30. Rd5 Rxe3 31. Rxb5 (31. Kf2 Rxa3 32. Rxb5
) 31... a4 32. Ra5 Rxa3 33. Ra8 $1 $11) 30. Kf2 Rxe5 31. Rd6 Rc5 32. Rb6 a4 33.
Kf3 $17) (26... Rc5 $2 27. Rd4 Rxe5 28. a4 b4 (28... c3 29. axb5 f5 30. b6 Rb5
31. Kf1 Rxb6 32. Ke2) 29. Rdxc4) (26... Nc5 27. Rd5) 27. axb4 axb4 28. Rb1 $1
$11 (28. Rd4 $2 b3 29. Rdxc4 b2 $1 $19 (29... Ra8 $19)) 28... Ra8 (28... Rd8
29. Rxc4 Nd2 30. Rbxb4 $11) 29. Rxc4 Nd2 30. Rbxb4 Nxc4 31. Rxc4 Ra5 32. Re4 {
White can not keep the pawn.} (32. e6 fxe6 33. Rc7+ Kg8 34. Kf2 h5 $11) 32...
Kf8 33. e6 (33. e6 f5) (33. Kf2 Ke7 34. Kf3 Ke6 35. Kf4 Ra2 $11) 1/2-1/2

[Event "Imre Konig Memorial 1st"]
[Site "San Francisco"]
[Date "2002.09.14"]
[Round "8"]
[White "Atalik, Suat"]
[Black "Akobian, Varuzhan"]
[Result "1/2-1/2"]
[WhiteElo "2551"]
[BlackElo "2486"]
[Annotator "Atalik,S"]
[PlyCount "104"]
[EventDate "2002.09.04"]
[EventType "tourn"]
[EventRounds "9"]
[EventCountry "USA"]
[EventCategory "12"]
[SourceTitle "CBM 092"]
[Source "ChessBase"]
[SourceDate "2003.02.06"]
[SourceVersion "1"]
[SourceVersionDate "2003.02.06"]
[SourceQuality "1"]

1. d4 d5 2. c4 e6 3. Nc3 Nf6 {A small surprise,Varuzhan does not go for his
pet line:Tarrasch Defence.} 4. Nf3 Bb4 {Ragozin's System.} 5. Bg5 ({Van Wely's
} 5. Qa4+ Nc6 6. a3 Bxc3+ 7. bxc3 {is interesting.}) 5... h6 6. Bxf6 Qxf6 7.
Qa4+ Nc6 8. a3 {This position is championed by Sankt Peterburg GM Aseev.} Bxc3+
9. bxc3 Bd7 $5 {GM Sosonko's move.} (9... O-O 10. e3 Qg6 {looks like the most
logical.} 11. g3 (11. h4 $6 {An extremely aggressive and animalistic approach!}
Bd7 12. h5 Qf6 13. cxd5 exd5 14. Bd3 Bg4 15. Rh4 Bxf3 16. Rf4 Qg5 17. gxf3 Qg1+
18. Bf1 Rae8 $40 {Van Wely-Pokorna(!),Vlissingen 2001.And who attacks who?}) (
11. Be2 $5 Qxg2 12. Rg1 Qh3 13. Rg3 Qf5 14. Kd2 Qf6 15. Rag1 g6 16. Bd3 Ne7 17.
Qc2 $44 {Even more animalistic!}) (11. Rc1 Rd8 12. Qc2 {Popov-Taimanov,Sankt
Peterburg(rapid)2001.}) 11... Qe4 12. Qd1 dxc4 13. Bxc4 e5 (13... Ne5 14. Be2)
14. O-O Bh3 15. Re1 $14) 10. cxd5 exd5 11. e3 Qd6 $5 {This does not change the
course of the game much.} (11... O-O 12. Bd3 Qd6) 12. Bd3 O-O 13. O-O b6 $1 {
A very important move.Black's main idea is 14...Na5 followed by 15...c5.} 14.
Qc2 Ne7 $1 (14... Na5 15. Ne5 Be6 16. f4 $40) 15. c4 (15. Ne5 {does not give
much since g6 square is well protected.} Be6 16. f4 f6) 15... c5 16. cxd5 Nxd5
(16... cxd4 $6 17. e4 Rac8 18. Qb1 f5 19. Nxd4 fxe4 20. Bxe4) 17. dxc5 {
What else?} (17. e4 $6 {looks tempting but} Nf4 18. e5 Qe6 $1 $17) 17... Qxc5
18. Qxc5 {I did not wanna play in a very sophisticated fashion.} (18. Bh7+ Kh8
19. Qxc5 bxc5 20. Be4 Be6 21. Rfc1 Rac8 22. Ne5 $11) 18... bxc5 19. Bc4 $6 {
Trying to bring some flame in the position tactically.} (19. Rfc1 Rac8) (19.
Rac1 Rac8 20. Ne5 Be6 (20... Ba4 $6 21. Ba6 $16) (20... Rc7 21. Nxd7 Rxd7 22.
Rxc5 Nxe3 23. Bb5 Nxf1 24. Bxd7 Nd2 25. Rc7 $16) 21. Ba6 Rc7 22. Bc4 (22. Nd3
c4 $1 $11) 22... Re8 23. Rfd1 $14) 19... Nb6 $1 {Very alert!} (19... Be6 20.
Rfc1 Rac8 21. Ra2 $14) 20. Ne5 Nxc4 $1 {Pawn sac for an approximately equal
endgame did not occur to me however this is typically one of the most
important aspects of Armenian Chess School!} (20... Bf5 21. Rfc1 $16) 21. Nxd7
Rfd8 22. Nxc5 Rac8 23. Nb3 $5 {The move has psycholgical backgrounds.I felt
that the 2 rooks ending is pretty drawish so I wanted to play some livelier
position and make him to consume time.} (23. Na6 $2 Rd6 24. Nb4 a5 25. Na2 Nxa3
$17 {looks ridiculous.}) (23. Ne4 Nd2 $1 {looks like a more correct way of
reaching the double rook ending which happened later in the game.}) 23... Nd2 {
Instantly played!} (23... Rd3 24. Nd4 Rxa3 (24... Nxa3 25. Rfc1 Rdc3 26. Rxc3
Rxc3 27. Kf1 a5 28. Ke2 Nc4 29. Ra4 $11) 25. Rxa3 Nxa3 26. Ra1 Rc3 27. Kf1 $11
{is also equal like in the note mentioned above.}) 24. Nxd2 Rxd2 $14 {Actually
played accurately this endgame should be a draw.} 25. g3 (25. g4 Rc4) 25...
Rdc2 $1 {Now Varuzhan went very low on time and found the correct scheme to
make a draw:R8c6-f6.} (25... g5 $2 26. Rfd1 (26. Rfc1 Rb8) 26... Rxd1+ 27. Rxd1
Rc3 28. Rd6 $1 $18) (25... Rc6 26. Rfd1 Rb2 $1 {is another way to transpose
the text shown by talented Belearus GM Shulman.}) 26. Rfd1 R8c6 $1 27. Rd8+ Kh7
28. Rd7 Rf6 29. Rf1 a6 $11 30. Rd5 {Preffered to 30.Rd4 to throw out any kind
of h5 possibility for Black.} (30. Rd4 Ra2 31. a4 Rf5 $11) 30... Ra2 31. Ra5 g6
32. g4 {Everything goes according to agenda for a R+4P against R+3P ending.
Strangely Alex and me,we were speaking about it some hours before the game in
his place in the balcony.Are we the chosen ones?} (32. Kg2 Re6) 32... Re6 $1
$11 {Another finesse,now whites king is cut off.} 33. Ra4 Kg7 34. h4 Rc6 35. e4
Rc3 36. Rxa6 Rcxa3 (36... Rc4 $142 {was even easier.} 37. Kg2 (37. Re1 Rcc2 38.
Rf1 Rc4) 37... Rxe4 38. Kg3 Rd4 $11) 37. Rxa3 Rxa3 38. Kg2 g5 {Consistent and
not bad!} (38... f5 39. gxf5 gxf5 40. e5) (38... Ra4 $142 {I would prefer this
one though.} 39. Re1 f5 40. gxf5 (40. f3 fxg4 41. fxg4 Kf6) 40... gxf5 41. e5
Rxh4 42. f3 Kf7 43. Kg3 Ra4 $11) 39. h5 Rb3 40. Rd1 Ra3 41. Rd2 Rb3 42. f3 {
This will be in this way or another.} (42. Kf1 Rb4 43. f3 Rb3 44. Ke2 Ra3)
42... Ra3 43. Kf2 Rb3 44. Ke2 Ra3 45. Kf2 {I have realized that the pawn
ending is a draw.} (45. Rd3 Rxd3 $1 46. Kxd3 Kf6 47. Kd4 Ke6 48. e5 f6 49. exf6
Kxf6 50. Kd5 Kf7 $11) 45... Rb3 46. Rd8 Ra3 47. e5 Ra5 48. Re8 Ra2+ 49. Kg3 Re2
50. Kh3 Rf2 $1 $11 {White is tied up!} 51. Kg3 Re2 52. Kh3 Rf2 1/2-1/2

[Event "Baden-Baden op"]
[Site "Baden-Baden"]
[Date "2003.07.30"]
[Round "9"]
[White "Siegel, Georg"]
[Black "Atalik, Suat"]
[Result "1/2-1/2"]
[WhiteElo "2417"]
[BlackElo "2599"]
[Annotator "Atalik,S"]
[PlyCount "42"]
[EventDate "2003.07.24"]
[EventType "swiss"]
[EventRounds "9"]
[EventCountry "GER"]
[SourceTitle "CBM 096"]
[Source "ChessBase"]
[SourceDate "2003.09.25"]
[SourceVersion "1"]
[SourceVersionDate "2003.09.25"]
[SourceQuality "1"]

1. Nf3 d5 2. d4 Nf6 3. c4 e6 4. Nc3 Bb4 5. cxd5 exd5 6. Bg5 Nbd7 {Time to
uncork Westphalia Defence.} 7. Qc2 {He goes for some seemingly modern line.}
O-O 8. a3 {The point.} Bxc3+ 9. Qxc3 h6 10. Bh4 c5 11. dxc5 g5 12. Bg3 Ne4 13.
Qd4 $1 $146 {The queen is under less danger in the center.} (13. Qc2 $2 Ndxc5
14. Rd1 (14. b4 Bf5) 14... Bd7 $1 $17) 13... Ndxc5 14. Rd1 Be6 {This is
indispensable.} (14... Bd7 $6 15. b4 Na4 (15... Ne6 16. Qb2 $16) 16. e3 $16)
15. b4 $1 (15. e3 Rc8 (15... a5 16. Be2) 16. Be2 Nb3 17. Qb4 Nc1 18. Nd4 Nxe2
19. Kxe2 Rc4 20. Qxb7 Qa5 $44 21. f3 $140 $2 Bc8 $1) 15... Na4 16. e3 Qb6 $1 {
I was not lsot in the maze of variations.} (16... Nac3 $2 17. Rc1 Rc8 18. Bd3
Nb5 19. Qb2 $16 (19. Rxc8 $6 Qxc8 20. Bxb5 Qc1+ 21. Qd1 Qxd1+ 22. Kxd1 Nc3+ 23.
Kd2 Nxb5 24. a4 Na3 25. Nd4 $14)) (16... a5 $2 17. Bd3 axb4 18. axb4 Nac3 19.
Bxe4 Nxe4 (19... Nxd1 20. Bb1 $18 ({or} 20. Bc2 $18))) (16... Qc8 17. Bd3 $16)
17. Be5 $8 ({He almost blundered into} 17. Bd3 $2 {He first wrote the move
then he saw the fork.} Qxd4 18. Nxd4 Nb2 19. Bxe4 Nxd1 20. Bf5 Bxf5 21. Nxf5
Nb2 22. h4 Nc4 23. a4 Rfe8 $1 24. Nxh6+ Kg7 25. hxg5 Kg6 $17) 17... f6 $1 (
17... Rac8 $6 18. Bd3) 18. Qxb6 Nxb6 ({It is easy to go wrong} 18... axb6 $6
19. Bd4 Nac3 20. Ra1 Ra4 21. Nd2 Nxd2 22. Kxd2 Ne4+ 23. Ke1 Rfa8 24. Bb2 $16)
19. Bd4 Nc4 20. Bxc4 $1 {Believe or not he played all these moves within 10
minutes.} (20. a4 $6 a5 21. b5 g4 22. Nh4 Kf7 23. f3 gxf3 24. gxf3 Ned6 $15 {
Nh4 is out of the game.}) 20... dxc4 21. Nd2 Nxd2 {I have decided to finish
this game and to win the tournament having 1 point margin to the rest.} ({
This NvsB endgame with rooks did not appeal to me.} 21... Nd6 22. Bc5 Rfd8 23.
Bxd6 Rxd6 24. Ne4 Rxd1+ (24... Ra6 25. Nc5) 25. Kxd1 Rd8+ 26. Ke2 Bf5 27. Nc3
Bd3+ 28. Kf3 f5 29. h4 $1 (29. h3 $2 Bc2 (29... Kf7 30. Rc1) 30. Rc1 Rd2 31. g4
Kf7 32. gxf5 Bxf5 33. Nb5 a6 34. Nd4 Bd3 35. e4 Kf6 $17) 29... Bc2 30. Rc1 Rd2
31. hxg5 hxg5 32. g4 Kg7 33. gxf5 Bxf5 34. Nb5 $36) (21... Nxd2 22. Kxd2 Bf5
23. Kc3 Bd3 $11) 1/2-1/2

[Event "Paracin Summer op-A 10th"]
[Site "Paracin"]
[Date "2017.07.08"]
[Round "3"]
[White "Atalik, Suat"]
[Black "Djordjevic, Vuk D"]
[Result "1/2-1/2"]
[WhiteElo "2525"]
[BlackElo "2377"]
[Annotator "Atalik,S"]
[PlyCount "161"]
[EventDate "2017.07.07"]
[EventType "swiss"]
[EventRounds "9"]
[EventCountry "SRB"]
[SourceTitle "CBM 180"]
[Source "ChessBase"]
[SourceDate "2017.09.13"]
[SourceVersion "1"]
[SourceVersionDate "2017.09.13"]
[SourceQuality "1"]

1. Nf3 d5 2. d4 e6 3. c4 Nf6 4. Nc3 Bb4 5. Qb3 $5 {A popular line against the
Ragozin.} c5 6. dxc5 Qa5 {A rare line.} ({I was prepared to meet} 6... Na6 7.
a3 Bxc3+ 8. Qxc3 Nxc5 9. cxd5 Qxd5 10. Be3 Nce4 11. Qe5 Qxe5 12. Nxe5 Nd5) (
6... Nc6 7. Bg5 dxc4 (7... Qa5 8. Bxf6 dxc4 9. Qxc4 gxf6 10. Rc1 {transposes})
8. Qxc4 Qa5 9. Bxf6 gxf6 10. Rc1 Qxc5 11. Qh4 (11. Qf4 $5) 11... Ke7 12. g3
Bxc3+ 13. bxc3 b6 14. Bg2 Bb7 15. O-O $13) 7. Bd2 (7. cxd5 Nxd5 8. Bd2 Nxc3 9.
a3 Nc6 10. Rc1 Nxe2 11. Bxe2 Bxd2+ 12. Nxd2 Nd4 13. Qe3 Nxe2 14. Qxe2) 7...
Qxc5 (7... dxc4 8. Qxc4 Qxc5 9. e3 $14) (7... Nc6 8. e3 Qxc5 9. a3 Ba5 10. Qa2
$1) 8. cxd5 O-O $5 $146 {An interesting approach after all, but what happens
if White does not get greedy?} (8... Nxd5 $6 9. Nxd5 Bxd2+ 10. Kxd2 $1 exd5 (
10... Qxd5+ 11. Qxd5 exd5) 11. Rc1 $16) 9. dxe6 {I have got greedy!} (9. a3
$142 $1 Bxc3 10. Bxc3 Qxd5 11. Qxd5 Nxd5 12. Bd2 $14) 9... Bxe6 10. Qc2 Bf5 11.
Qc1 Nc6 (11... Rc8 $6 12. e3 Ne4 13. Be2 Nxc3 14. Bxc3 Bxc3+ 15. Qxc3 Qxc3+ 16.
bxc3 Rxc3 17. Nd4 $16) 12. e3 Qe7 13. Be2 Rac8 14. O-O {With all White's
pieces on the back three ranks, Black has compensation but how is he to
continue?} Bg4 $5 $44 15. h3 (15. Qe1 $5) (15. Re1 $5) 15... Bxf3 (15... Bh5
16. Qc2 (16. Re1 Rfd8 17. Nd4 Bg6 $36) 16... Bg6 17. Qa4 $40) 16. Bxf3 Ne5 17.
Be2 Bxc3 18. Bxc3 Nd5 19. Qc2 Rc5 20. Qa4 Nxc3 21. bxc3 b6 22. c4 Rfc8 23. Rad1
$2 {The great Maroczy said that chess players are bound to make a mistake
while choosing between two rooks which could occupy the very same square. This
is a great example!} (23. Rfd1 $142 Ra5 24. Qb3 Ra3 (24... Qa3 25. Qc2 $1) 25.
Qb2 Nxc4 $140 $2 26. Rac1 Nxb2 27. Rxc8+ Qf8 28. Rdd8 $18) 23... Ra5 24. Qb3
Ra3 25. Qb2 Nxc4 $1 26. Bxc4 (26. Rc1 Nxb2 27. Rxc8+ Qf8 28. Rxf8+ Kxf8) 26...
Rxc4 27. Rc1 $2 {Indecisiveness!} ({I had given up the tactical idea} 27. Qe5
Qf8 $1 28. Rd7 Ra5 29. Qb2 Rc8 30. Rfd1 h6 31. R1d6 Rac5 {perhaps too quickly!}
32. g3 $1 $14) 27... Raa4 $1 28. Qb5 (28. Qb3 Qb4 $1 29. Rxc4 Qxc4 30. Rd1 h6
31. Rd8+ Kh7 $11) 28... Qe6 29. Rfd1 Rxc1 30. Rxc1 Ra5 (30... Rxa2 31. Rc6 Qe8
(31... Qd7 32. Qd5) 32. Rxb6 $11) 31. Qb1 h6 32. Rc2 $11 Rc5 $2 $138 {An
unforced error which resurrected the game!} (32... Rd5 33. Qc1) 33. Rxc5 bxc5
34. Qb8+ Kh7 35. Qxa7 $14 c4 {White's problem is this slightly advanced little
pawn.} 36. Qd4 Qc6 37. Kf1 Qa4 $6 ({The most accurate way to equalise is just
to push the pawn forward.} 37... c3 $1 38. Qd3+ g6 39. Qc2 Qb5+ 40. Ke1 Qb2 41.
Kd1 Qa1+ (41... Qb5 42. Qxc3 Qf1+ 43. Kc2 Qxf2+ 44. Qd2) 42. Ke2 Qb2 43. Kd3
Qb5+ 44. Kxc3 Qc6+ 45. Kd3 Qxg2 $11) 38. Qe4+ g6 39. Qd5 Kg7 40. Qd2 Kh7 $1 41.
Ke2 Qc6 (41... Qa6 $142 42. Ke1 Qa3 43. Qc2 c3 $11) 42. Qc3 Qa4 43. a3 Qb5 44.
e4 $16 {With both sides having no time I was doing pretty fine in this tough
queen ending.} (44. Qb4 Qc6 $11 (44... Qd5 $11)) 44... Qc5 45. g4 (45. a4 Qc6
46. Qc2 Qa6 47. f3 Kg8 $132) 45... Kg8 46. f3 Qd6 47. Qxc4 $2 ({Intuitively
speaking I should have kept the passers on the board} 47. e5 $142 Qc6 48. h4
Qb5 49. Ke3 Qb6+ 50. Ke4 Qc6+ 51. Kd4 Kg7 $13) 47... Qxa3 48. Kf2 Qb2+ 49. Qe2
Qe5 50. Kg2 Kg7 (50... g5 $142) 51. h4 $1 $14 {Some slim chances!} h5 52. gxh5
(52. g5 $5) 52... Qxh5 53. Qb2+ Kg8 54. Qf6 Qb5 $1 55. Qd8+ Kg7 56. Qd4+ Kg8
57. Kg3 Qf1 $1 58. Qe3 Qh1 59. e5 Kg7 60. Qd4 Kh7 61. Qe3 Kg7 62. f4 Qb1 63.
Qf2 Qd1 64. f5 Qd3+ (64... gxf5 65. Qxf5 Qg1+ $11) 65. Qf3 Qd4 $1 $11 66. f6+
Kh7 67. Qe2 Qc3+ 68. Kg2 Qd4 69. h5 Qf4 (69... g5 $11) 70. e6 {The moral
victory is that I have pushed everything up!} Qg5+ 71. Kh2 (71. Kh3 Qf5+) 71...
fxe6 72. Qxe6 Qxh5+ 73. Kg3 Qg5+ 74. Kf3 Qf5+ 75. Qxf5 gxf5 76. Kf4 Kg6 77. Ke5
Kf7 78. Kxf5 Kf8 79. Ke6 Ke8 80. f7+ Kf8 81. Kf6 1/2-1/2

[Event "Veliko Gradiste Silver Lake op"]
[Site "Veliko Gradiste"]
[Date "2016.06.26"]
[Round "9"]
[White "Lalic, Bogdan"]
[Black "Atalik, Suat"]
[Result "1/2-1/2"]
[WhiteElo "2440"]
[BlackElo "2572"]
[Annotator "Atalik,S"]
[PlyCount "71"]
[EventDate "2016.06.19"]
[EventType "swiss"]
[EventRounds "9"]
[EventCountry "SRB"]
[SourceTitle "CBM 174"]
[Source "ChessBase"]
[SourceDate "2016.09.13"]
[SourceVersion "1"]
[SourceVersionDate "2016.09.13"]
[SourceQuality "1"]

1. Nf3 d5 2. d4 Nf6 3. c4 e6 4. Nc3 Bb4 5. cxd5 ({I always thought that the
knight should be lured to ...Nc6.} 5. Qa4+ Nc6 6. e3 O-O 7. Qc2 (7. Bd2 dxc4 8.
Bxc4 Bd6 $132) 7... Re8 $5 (7... dxc4 8. Bxc4 Bd6 9. O-O e5 10. h3 a6 $13) 8.
Bd2 Bf8 (8... e5 9. dxe5 Nxe5 10. cxd5 Nxf3+ 11. gxf3 Bxc3 12. Bxc3 Qxd5 13.
Rg1 Bf5 14. Qb3 Bg6 15. Bxf6 Qxb3 16. axb3 gxf6 $13) 9. a3 e5 10. dxe5 Nxe5 11.
cxd5 Nxd5 12. O-O-O $40) (5. Bg5 dxc4 (5... h6 6. Bxf6 Qxf6 7. Qb3 $1 {
prevents Black's queen switch to the other wing.}) 6. e4 c5 {but allows the
Vienna!}) 5... exd5 6. Bg5 h6 7. Bxf6 ({Obviously lines like} 7. Bh4 c5 (7...
Bf5 $5) 8. e3 c4 $13 {are not to Lalic's taste.}) 7... Qxf6 8. Qb3 Qb6 $1 (8...
c5 9. a3 Bxc3+ 10. Qxc3 Nd7 $14) 9. a3 Ba5 10. Qc2 Bf5 11. Qa4+ Bd7 (11... Nc6
$6 12. b4 O-O-O (12... Rd8 13. e3 O-O 14. Bb5) 13. e3 Nxb4 14. axb4 Bxb4 15.
Rc1 $18 {and it is not clear what Black has accomplished by the piece sac.})
12. Qc2 Bf5 13. Qa4+ Bd7 14. Qc2 Bxc3+ (14... Qd6 $5 {has the merit of being
played by Dizdar.} 15. b4 (15. e3 O-O) (15. Qb3 O-O) 15... Bb6 16. e3 O-O) 15.
Qxc3 O-O 16. e3 Rc8 (16... Bb5 17. Bxb5 Qxb5 18. Ne5 $14) 17. Rc1 $146 (17. Bd3
Bb5 $11) 17... Bb5 (17... Bf5 18. Be2 Nd7 19. O-O c5 20. dxc5 $14) 18. Bxb5
Qxb5 19. Ne5 Nd7 (19... c5 $6 20. dxc5 b6 21. c6 f6 22. Qd3) 20. Nxd7 (20. Nd3
a5) 20... Qxd7 21. O-O a5 22. Qb3 $1 $11 {The last accurate move after which
we should kiss goodbye to a juicy prize in the tournament. Tough pairings!} c6
(22... a4 23. Qxb7 Rab8 24. Qc6 Qxc6 25. Rxc6 Rxb2 26. Ra6 $11) 23. a4 Re8 24.
Rc5 Re6 25. Rfc1 h5 (25... Rg6 26. Qc3 Qg4 27. g3 h5 28. Rxa5 Rxa5 29. Qxa5 h4
30. Qe1 hxg3 31. hxg3 Rh6 32. Qf1 Qh5 33. Qg2 Qe2 $44 {and no more than
compensation for the pawn.}) 26. Qd1 h4 27. h3 (27. Qg4 Qd8) 27... Rg6 $6 (
27... f5 $1 28. Qd2 Qe7 {was the last chance to buid up an attack.}) 28. Qf3
Re8 $6 {I even jeopardised a prize by this pawn sac.} (28... b6 29. R5c3 Re8
30. Rb3 Qd8 31. Rbc3 Ree6 32. Qf4 Ref6 33. Qxh4 Rxg2+ 34. Kxg2 Rg6+ 35. Qg3
Rxg3+ 36. Kxg3 $11) 29. Rxa5 Qd8 {Of course the idea was more sophisticated
than trapping the rook.} (29... b6 $2 30. Ra6 Qb7 31. Qe2) 30. Rac5 Ree6 31. b4
Rg5 (31... Qg5 $2 32. b5 Ref6 33. Qg4 Qxg4 34. hxg4 cxb5 35. axb5 Rxg4 36. Rxd5
$18) 32. Kh1 Rf6 33. Qe2 Rfg6 (33... Qd7 34. b5 cxb5 35. axb5 Rfg6 36. Rc7 Qe6
37. Rxb7 Rxg2 38. Rb8+ Kh7 39. Qh5+ Rh6 40. Qxh6+ Qxh6 41. Kxg2 Qg6+ $11) 34.
Rg1 $1 Qd7 35. Rcc1 $1 {I simply missed this move.Lalic excels in defence!} Qf5
36. b5 $16 {However he is a rabbit heart after all!} ({It was better form me
to agree to a draw.} 36. b5 cxb5 37. axb5 Qe4 38. Rc8+ (38. Qf1 Rf6 $44) (38.
f3 Qe8) 38... Kh7 39. Rc7 Rxg2 40. Qh5+ Rh6 41. Qxh6+ Kxh6 42. Rxg2 Qe6 43. Rg4
g5 44. Rxb7 Qf5 45. Kg1 $16) (36. Qf3 Qd3) 1/2-1/2